| 000 | 00355nam a22001337a 4500 | ||
|---|---|---|---|
| 020 | _a9780199064380 | ||
| 040 | _cNUST | ||
| 082 | _a954.91053 PAK | ||
| 100 |
_aLodhi, Maleeha _917358 |
||
| 245 |
_aPakistan; _bBeyond the 'Crisis State' |
||
| 260 |
_aKarachi; _bOxford University Press, _c2011. |
||
| 650 |
_aHistory of Pakistan _95264 |
||
| 942 |
_2ddc _cBK |
||
| 999 |
_c594602 _d594602 |
||